000 00469nam a2200181Ia 4500
003 GCL
008 140319s9999 xx 000 0 eng d
040 _aGCL /
_cGCL
082 0 4 _a637.1
_bF A
100 1 _aFOX, P. F.
245 1 0 _aADVANCED DAIRY CHEMISTRY 1: PROTEINS /
_cFOX, P. F.
260 _a[S.N] :
_bMACMILLAN PUBLISHING COMPANY ،
_c1992
300 _a779 PP
650 0 4 _aSCIENCE
650 0 4 _aDAIRY PROCESSING
650 0 4 _aCHEMISTRY
942 _2ddc
_cBK
999 _c16656
_d16656